| 000 | 00821nam a22002177a 4500 | ||
|---|---|---|---|
| 005 | 20200104041619.0 | ||
| 008 | 130916b2012 ck ||||| |||| 00| 0 spa d | ||
| 020 | _a9789588753617 | ||
| 041 | _aspa | ||
| 044 | _ack | ||
| 082 |
_a582 _bO45g |
||
| 245 | 0 | 0 | _aGuía ilustrada de las plantas epífitas encontradas en el tramo Araguaney - Banadía |
| 260 |
_aBogotá _bOleoducto Bicentenario _bFotosíntesis _c2012 |
||
| 300 |
_a113 p. _bil. (col) _c26 x 22 cm. |
||
| 650 |
_aBotánica _9361 |
||
| 650 | 6 |
_aFlora y plantas _zLlanos Orientales (Colombia) _92095 |
|
| 650 |
_aPlantas _zLlanos Orientales (Colombia) _92096 |
||
| 650 | 6 |
_aTaxonomía vegetal _zLlanos Orientales (Colombia) _92097 |
|
| 856 | _uhttp://www.bicentenario.com.co/assets/images/uploads/publicaciones/51532b198326b_epifitas.pdf | ||
| 942 |
_2ddc _cImpreso _04 |
||
| 999 |
_c7668 _d7668 |
||